Memoria del Consejo de Defensa del Estado 2008-2011
Guardat en:
| Autor corporatiu: | , |
|---|---|
| Format: | Llibre |
| Idioma: | espanyol |
| Publicat: |
Santiago
Consejo de Defensa del Estado
2013
|
| Edició: | 1a. ed |
| Matèries: | |
| Etiquetes: |
Afegir etiqueta
Sense etiquetes, Sigues el primer a etiquetar aquest registre!
|
MARC
| LEADER | 00000cam a2200000 a 4500 | ||
|---|---|---|---|
| 001 | UCC9900 | ||
| 003 | CL-VaPUC | ||
| 005 | 20210402001826.0 | ||
| 008 | 191122e20130000cl spa d | ||
| 082 | 0 | 4 | |a 355.6 |b CON |2 21 |
| 110 | 2 | |a Consejo de Defensa del Estado |e author |9 605219 | |
| 710 | 2 | |a CDE |e author |9 605220 | |
| 245 | 1 | 0 | |a Memoria del Consejo de Defensa del Estado 2008-2011 |
| 250 | |a 1a. ed | ||
| 260 | |a Santiago |b Consejo de Defensa del Estado |c 2013 | ||
| 300 | |a 649 p | ||
| 583 | |a last modification |c 20191122 12:01:00 |k Rodrigo Vera | ||
| 600 | 1 | 7 | |a CONSEJO DE DEFENSA DEL ESTADO |2 CL-VaPUC |9 355226 |
| 650 | 0 | 0 | |a Derecho administrativo |9 254851 |
| 650 | 0 | 0 | |a Derecho constitucional |9 222588 |
| 650 | 0 | 0 | |a Jurisprudencia |9 255952 |
| 942 | |c BK | ||
| 945 | |a dcastane |d 20191122 12:01:00 | ||
| 999 | |c 376208 |d 376206 | ||
| 952 | |0 0 |1 0 |3 erb |4 0 |6 355_600000000000000_CON_2013 |7 0 |8 A |9 495514 |a BIBDER |b BIBDER |e Mateluna Arestizabal, Alfredo Sergio |i 5610338 |o 355.6 CON 2013 |p 5610338 |r 2023-01-25 |w 2020-01-06 |y BK |z Catalogado en:20191122 |k DER | ||